Bilecik Bilecik Bilecik Bilecik Bilecik

Filistin Cephesi'nden Adana'ya: Mustafa Kemal Paşa/ (Record no. 41459)

MARC details
000 -BAŞLIK
Sabit Uzunluktaki Kontrol Alanı 01450nam a22004097a 4500
001 - KONTROL NUMARASI
Control Dosyası 0041609
003 - KONTROL NUMARASI KİMLİĞİ
Kontrol Alanı KOHA_MİRAKIL
005 - EN SON İŞLEM TARİHİ ve ZAMANI
Kontrol Alanı 20260207003243.0
007 - FİZİKSEL TANIM SABİT ALAN - GENEL BİLGİ
Sabit uzunluklu kontrol alanı ta
008 - SABİT UZUNLUKTAKİ VERİ ÖGELERİ - GENEL BİLGİ
Sabit Alan 130730b2009 tu |||gr||||#0|||0|tur |
020 ## - ISBN - ULUSLARARASI STANDART KİTAP NUMARASI
Isbn 9786054052066
020 ## - ISBN - ULUSLARARASI STANDART KİTAP NUMARASI
Isbn 6054052063
040 ## - KATALOGLAMA KAYNAĞI
Özgün Kataloglama Kurumu TR-BiSEU
Kataloglama Dili tur
Çeviri Kurumu TR-BiSEU
Açıklama Kuralları rda
041 0# - DİL KODU
Metin ya da ses kaydının dil kodu tur
044 ## - YAYINLAYAN/ÜRETEN KURULUŞUN ÜLKE KODU
ISO country code tu
050 ## - SINIFLAMA ve YER NUMARASI
Sınıflama Numarası DR592
Yer Numarası .H38 2009
100 1# - KİŞİ ADI
Yazar Adı (Kişi adı) Hatipoğlu, Süleyman.
245 1# - ESER ADI BİLDİRİMİ
Başlık Filistin Cephesi'nden Adana'ya: Mustafa Kemal Paşa/
Sorumluluk Bildirimi Süleyman Hatipoğlu ; Süleyman Hatipoğlu.
250 ## - BASIM BİLDİRİMİ
Basım Bildirimi 1. Baskı.
264 #1 - ÜRERİM, YAYIN, DAĞITIM ve TELİF BİLDİRİMİ
Yayın yeri İstanbul :
Yayınlayan Yeditepe
Yayın tarihi 2009
300 ## - FİZİKSEL TANIMLAMA
Sayfa, Cilt vb. XIII, 169 sayfa ;
Boyutları resimli, harita; 21 cm.
336 ## - İÇERİK TÜRÜ
Content type term metin
Content type code txt
Source rdacontent
337 ## - MEDYA TÜRÜ
Media type term aracısız
Media type code n
Source rdamedia
338 ## - TAŞIYICI TÜRÜ
Carrier type term cilt
Carrier type code nc
Source rdacarrier
490 1# - DİZİ BİLDİRİMİ
Dizi Bildirimi Yeditepe Yayınevi ;
Cilt Numarası 97.
490 1# - DİZİ BİLDİRİMİ
Dizi Bildirimi Araştırma-İnceleme Dizisi ;
Cilt Numarası 79.
500 ## - GENEL NOT
Genel Not Includes bibliographical references (p. [113]-119) and index.
650 #0 - KONU BAŞLIĞI EK GİRİŞ - KONU TERİMİ
Konusal terim veya coğrafi ad Atatürk, Mustafa Kemal, 1881-1938--Military leadership.
9 (RLIN) 77295
650 #0 - KONU BAŞLIĞI EK GİRİŞ - KONU TERİMİ
Konusal terim veya coğrafi ad World War, 1914-1918--Campaigns--Palestine.
9 (RLIN) 77296
650 #0 - KONU BAŞLIĞI EK GİRİŞ - KONU TERİMİ
Konusal terim veya coğrafi ad World War, 1914-1918--Campaigns--Middle East.
9 (RLIN) 27702
650 #0 - KONU BAŞLIĞI EK GİRİŞ - KONU TERİMİ
Konusal terim veya coğrafi ad World War, 1914-1918--Campaigns--Turkey.
9 (RLIN) 13544
650 #0 - KONU BAŞLIĞI EK GİRİŞ - KONU TERİMİ
Konusal terim veya coğrafi ad Turkey--History--Revolution, 1918-1923.
9 (RLIN) 10129
830 1# - SERİ EK GİRİŞİ - TEKBİÇİM ESER ADI
Tekbiçim Başlık Yeditepe Yayınevi ;
Volume number/sequential designation 97.
9 (RLIN) 26323
830 1# - SERİ EK GİRİŞİ - TEKBİÇİM ESER ADI
Tekbiçim Başlık Araştırma-İnceleme Dizisi ;
Volume number/sequential designation 79.
9 (RLIN) 14051
907 ## - LOCAL DATA ELEMENT G, LDG (RLIN)
a Tarih
942 ## - EK GİRİŞ ÖGELERİ (KOHA)
Source of classification or shelving scheme Library of Congress Classification
Koha item type Book
Holdings
Materyal Türü Kalıcı Konum Mevcut Konum Raf Yeri Sınıflandırma Kaynağı Edinim Bilgisi Ana Konular Alt Konular Yer Numarası Demirbaş Numarası Fatura Tarihi Maliyet, Alış Fiyatı Maliyet, Yenileme Fiyatı Geri Çekilme Durumu Kayıp Durumu Hasarlı Durumu Kredi için değil Kayıt Tarih Toplam Ödünçverme Son Görülme Tarihi Son Kontrol Tarihi Satın Alma Notu
Book Prof. Dr. Azmi Özcan Kütüphanesi Prof. Dr. Azmi Özcan Kütüphanesi Uluğbey Salonu Library of Congress Classification Satın DÜNYA TARİHİ (AVRUPA, ASYA, AFRİKA VB.) Balkan Yarımadası DR592 .H38 2009 0041609 24/09/2013 7.73 7.73         30/07/2013   05/12/2024 05/12/2024 73291-73383 (92 sayfa)